[Event "TOP 16 GpB"]
[Site "Chalons en Champagne FRA"]
[Date "2010.03.27"]
[Round "2"]
[White "Reinhart,E"]
[Black "Fontaine,R"]
[Result "0-1"]
[WhiteElo "2337"]
[BlackElo "2548"]
[EventDate "2010.03.26"]

1. e4 e5 2. Nf3 Nc6 3. Bb5 Nf6 4. Qe2 Bc5 5. c3 O-O 6. O-O d6 7. d3 a6 8.
Ba4 h6 9. h3 Ba7 10. Re1 Ne7 11. Nh2 Ng6 12. Bb3 Kh8 13. Na3 Nh7 14. Nf3 f5
15. exf5 Bxf5 16. d4 e4 17. Nh2 Qh4 18. Nc2 c6 19. f3 d5 20. Qf2 Qxf2+ 21.
Kxf2 exf3 22. Nxf3 Be4 23. Re3 Nh4 24. Nce1 Ng5 25. Ke2 Nf5 26. Nxg5 hxg5
27. Rf3 Rae8 28. Kd1 Bxf3+ 29. Nxf3 Nh4 30. Ne5 Bb8 31. g3 Bxe5 32. gxh4
0-1

[Event "TOP 16 GpB"]
[Site "Chalons en Champagne FRA"]
[Date "2010.03.27"]
[Round "2"]
[White "Guidarelli,L"]
[Black "Szabolcsi,J"]
[Result "1-0"]
[WhiteElo "2433"]
[BlackElo "2361"]
[EventDate "2010.03.26"]

1. Nf3 f5 2. d3 Nf6 3. g3 g6 4. Bg2 Bg7 5. O-O O-O 6. e4 fxe4 7. dxe4 Nc6
8. c3 e5 9. b4 Qe7 10. Nbd2 d6 11. Qc2 a5 12. b5 Nd8 13. b6 cxb6 14. Rb1
Qc7 15. Ba3 Nf7 16. Qb3 b5 17. Rfc1 Bd7 18. Bf1 Bc6 19. Bxb5 Nxe4 20. Bxc6
Nxd2 21. Qxb7 Ra7 22. Qxc7 Rxc7 23. Nxd2 Rxc6 24. Ne4 Rd8 25. c4 Bh6 26.
Rc3 Bf8 27. Nf6+ Kg7 28. Nd5 Rdc8 29. Rb7 Kg8 30. Nf6+ Kg7 31. Rf3 d5 32.
Nxd5 Bxa3 33. Rfxf7+ Kh6 34. Rxh7+ Kg5 35. Rbf7 Bc1 36. h4+ Kg4 37. Kg2 e4
38. Ne3+ Bxe3 39. fxe3 g5 40. Rhg7 Rc5 41. Rf4+ Kh5 42. hxg5 1-0

[Event "TOP 16 GpB"]
[Site "Chalons en Champagne FRA"]
[Date "2010.03.27"]
[Round "2"]
[White "Roos,J"]
[Black "Govciyan,P"]
[Result "1-0"]
[WhiteElo "2259"]
[BlackElo "2430"]
[EventDate "2010.03.26"]

1. e4 g6 2. d4 Bg7 3. Nc3 d6 4. Nf3 Nf6 5. Be2 O-O 6. O-O c6 7. a4 Nbd7 8.
a5 e5 9. dxe5 dxe5 10. b3 Re8 11. Bc4 h6 12. Qe2 Qc7 13. Be3 Nf8 14. Rfd1
Ne6 15. Bxe6 Bxe6 16. Bc5 Red8 17. Rxd8+ Qxd8 18. b4 Nd7 19. Bd6 Qf6 20.
Ne1 h5 21. Rd1 Nf8 22. Qe3 Bg4 23. f3 Bc8 24. Bc5 Ne6 25. Bxa7 g5 26. Bb6
g4 27. Qd3 Kh7 28. Ne2 Qg6 29. fxg4 hxg4 30. Ng3 Ng5 31. Nf5 Bf8 32. c3 Be6
33. Ng3 Be7 34. Nc2 Bb3 35. Rf1 Qe6 36. Ne3 Ba4 37. Ngf5 Bf8 38. Re1 Bb5
39. Qc2 c5 40. Nd5 Rc8 41. Nc7 Rxc7 42. Bxc7 Bc6 43. Qf2 cxb4 44. Qh4+ Kg6
45. cxb4 Bxe4 46. Ng3 Bxg2 47. Qh5+ Kf6 48. Bd8+ 1-0

[Event "TOP 16 GpB"]
[Site "Chalons en Champagne FRA"]
[Date "2010.03.27"]
[Round "2"]
[White "Leconte,M"]
[Black "Nicoara,M"]
[Result "1-0"]
[WhiteElo "2330"]
[BlackElo "2151"]
[EventDate "2010.03.26"]

1. e4 g6 2. d4 Bg7 3. Nc3 c6 4. h3 d6 5. Nf3 b5 6. Bd3 Nd7 7. Be3 Qc7 8.
O-O Ngf6 9. Qd2 O-O 10. Bh6 e5 11. Ne2 a6 12. c3 Re8 13. Bxg7 Kxg7 14. Ng3
Nf8 15. a4 Bd7 16. axb5 axb5 17. Rxa8 Rxa8 18. dxe5 dxe5 19. Qg5 Re8 20.
Nh4 Ng8 21. Ra1 Ne6 22. Qe3 Nf4 23. Ra7 Qd6 24. Bf1 h6 25. Nf3 Be6 26. Qb6
Nf6 27. Bxb5 Qd1+ 28. Bf1 Nxh3+ 29. gxh3 Qxf3 30. Qxc6 Rd8 31. Qxe6 1-0

[Event "TOP 16 GpB"]
[Site "Clichy FRA"]
[Date "2010.03.28"]
[Round "3"]
[White "Abergel,T"]
[Black "Svetushkin,D"]
[Result "1/2-1/2"]
[WhiteElo "2547"]
[BlackElo "2554"]
[EventDate "2010.03.26"]

1. e4 c6 2. d4 d5 3. e5 Bf5 4. Nd2 e6 5. Nb3 Nd7 6. Nf3 Ne7 7. c3 Nc8 8.
Bg5 Qc7 9. Nh4 Be4 10. f3 Bg6 11. Nxg6 hxg6 12. Be3 Be7 13. f4 Bh4+ 14. Kd2
b5 15. g4 Ncb6 16. Na5 O-O-O 17. g5 f6 18. Bd3 fxe5 19. fxe5 Nxe5 20. Kc2
Nbc4 21. Nxc4 bxc4 22. dxe5 Qxe5 23. Bxa7 Bxg5 24. Bxg6 Qf6 25. Bd3 Rh3 26.
Kb1 Rxd3 27. Qa4 Kd7 28. a3 Rd2 29. Qb4 Rc8 30. Ka2 Qf8 31. Bc5 Be7 32.
Bxe7 Qxe7 33. Qb7+ Rc7 34. Qb6 Kc8 35. Rae1 Rb7 36. Qxc6+ Kd8 37. Rb1 Rb3
38. Qa8+ Kc7 39. Rhg1 Rb8 40. Qa7+ Rb7 41. Qe3 Rc2 42. Qg3+ Kc6 43. Rg2
Rxg2 44. Qxg2 Rb8 45. Rd1 Rf8 46. Rd4 Kd7 47. Rg4 Rf7 48. Rg6 Kd8 49. Qh3
Kd7 50. Qg4 Kd6 51. h4 Qd7 52. Qg3+ Kc6 53. Qe5 Re7 54. h5 Qd6 55. Qe3 Kb7
56. Qd4 Qc7 57. Ka1 Qd7 58. Qg4 Ka6 59. h6 gxh6 60. Rxh6 Kb7 61. Qg8 Qe8
62. Qg1 Qf8 63. Rg6 Qf5 64. Rg8 Qd3 65. Ka2 Qc2 66. Rg7 Rxg7 67. Qxg7+ Kc6
68. Qe7 Qb3+ 69. Kb1 Qd1+ 70. Ka2 Qb3+ 71. Kb1 Qd1+ 72. Ka2 Qb3+ 1/2-1/2

[Event "TOP 16 GpB"]
[Site "Clichy FRA"]
[Date "2010.03.28"]
[Round "3"]
[White "Postny,E"]
[Black "Sokolov,And1"]
[Result "1/2-1/2"]
[WhiteElo "2641"]
[BlackElo "2563"]
[EventDate "2010.03.26"]

1. d4 Nf6 2. c4 e6 3. Nf3 Bb4+ 4. Bd2 Qe7 5. g3 Bxd2+ 6. Qxd2 Ne4 7. Qc2
Qb4+ 8. Nbd2 Nxd2 9. Nxd2 Nc6 10. d5 Nd4 11. Qd3 e5 12. a3 Qxb2 13. Rb1 Qa2
14. e3 Nc2+ 15. Kd1 Nxa3 16. Rb3 Nxc4 17. Qxc4 Qa5 18. d6 cxd6 19. Bg2 Rb8
20. Qd3 d5 21. Bxd5 O-O 22. Nc4 Qa4 23. Ke2 b5 24. Nxe5 b4 25. Bc4 Qa2+ 26.
Qd2 Qa5 27. Qd4 Qc7 28. Rc1 d5 29. Qxd5 a5 30. Rbb1 Bb7 31. Qd4 Qe7 32. Rd1
Rfc8 33. Qd6 Qf6 34. Rbc1 b3 35. Qxf6 gxf6 36. Nd3 a4 37. Rc3 Ba6 38. Rdc1
Rxc4 39. Rxc4 Bxc4 40. Rxc4 a3 41. Rc1 Rd8 42. Ra1 a2 43. Nb2 Rc8 44. Na4
Rc2+ 45. Kd3 b2 46. Rxa2 b1=Q 47. Rxc2 Qb5+ 48. Rc4 Qf5+ 49. Ke2 Qb5 50.
Kd3 Qf5+ 51. Ke2 Qb5 1/2-1/2

[Event "TOP 16 GpB"]
[Site "Clichy FRA"]
[Date "2010.03.28"]
[Round "3"]
[White "Koch,JR"]
[Black "Riff,JN"]
[Result "1-0"]
[WhiteElo "2470"]
[BlackElo "2505"]
[EventDate "2010.03.26"]

1. c4 e6 2. Nf3 Nf6 3. g3 d5 4. b3 Be7 5. Bg2 O-O 6. O-O c6 7. d3 b5 8.
Nbd2 Ba6 9. Qc2 Nbd7 10. Bb2 Rc8 11. e4 bxc4 12. dxc4 Nc5 13. e5 Nfe4 14.
Nxe4 Nxe4 15. Nd4 Nc5 16. Rfe1 Nd7 17. a3 Qb6 18. Bf1 Rfd8 19. Rad1 Nf8 20.
c5 Qb7 21. Bg2 Rb8 22. Rd2 Nd7 23. b4 Bc4 24. f4 a5 25. Bc3 axb4 26. axb4
Nf8 27. f5 Ra8 28. Bh3 Bg5 29. Rf2 Ra2 30. Qd1 Rxf2 31. Kxf2 exf5 32. Bxf5
Re8 33. Qg4 Bh6 34. Bc2 Qa7 35. Ra1 Qb8 36. Nf5 Re6 37. Nd6 d4 38. Qxd4 Bd5
39. Bf5 Re7 40. b5 Ra7 41. b6 Rxa1 42. Bxa1 Ne6 43. Bxe6 fxe6 44. Ke1 Bf3
45. Qc4 Bd5 46. Qf1 Be3 47. Qf7+ Kh8 48. Ne8 1-0

[Event "TOP 16 GpB"]
[Site "Clichy FRA"]
[Date "2010.03.28"]
[Round "3"]
[White "Wirig,A"]
[Black "Taddei,B"]
[Result "1/2-1/2"]
[WhiteElo "2504"]
[BlackElo "2301"]
[EventDate "2010.03.26"]

1. d4 d5 2. Nf3 Nc6 3. c4 Bg4 4. Qa4 Bxf3 5. gxf3 dxc4 6. Nc3 Qxd4 7. Be3
Qe5 8. O-O-O e6 9. Rg1 Rd8 10. Rxd8+ Kxd8 11. f4 Qa5 12. Qxc4 Qb4 13. Qd3+
Qd6 14. Qb5 Kc8 15. Bg2 a6 16. Qa4 Nge7 17. Rd1 Qb4 18. Qc2 Nf5 19. Bxc6
bxc6 20. Bd2 Qc4 21. e3 Be7 22. b3 Qc5 23. Ne4 Qxc2+ 24. Kxc2 h6 25. Bc3
Rd8 26. Rg1 g6 27. h3 Rd5 28. Nd2 Nd6 29. Be5 Nb5 30. Bb2 Bb4 31. Nf3 a5
32. Kc1 Rh5 33. h4 Be7 34. Ne5 Bxh4 35. Nxf7 Bxf2 36. Rxg6 Bxe3+ 37. Kd1
Rh1+ 38. Ke2 Bxf4 39. Bf6 Nd6 40. Rg8+ Kb7 41. Nd8+ Kb6 42. Nxe6 Bg5 43.
Bd4+ c5 44. Bxc5+ Kc6 45. Bxd6 cxd6 46. Nxg5 hxg5 47. Rxg5 Rh2+ 48. Kd3
Rxa2 49. Kc3 Kb6 50. Rd5 Kc7 51. Rb5 Kc6 52. Rg5 d5 53. Rg8 Rh2 54. Rc8+
Kb5 55. Rb8+ Kc5 56. Rc8+ Kb5 1/2-1/2

[Event "TOP 16 GpB"]
[Site "Clichy FRA"]
[Date "2010.03.28"]
[Round "3"]
[White "Pucher,O"]
[Black "Bricard,E"]
[Result "0-1"]
[WhiteElo "2342"]
[BlackElo "2488"]
[EventDate "2010.03.26"]

1. d4 g6 2. c4 Bg7 3. Nf3 d6 4. g3 f5 5. Nc3 Nf6 6. Bg2 O-O 7. O-O Nc6 8.
d5 Na5 9. Nd2 c5 10. Qc2 e5 11. dxe6 Bxe6 12. b3 d5 13. cxd5 Nxd5 14. Bb2
Nb4 15. Qc1 Rc8 16. Rd1 Qe7 17. Nb5 a6 18. Bxg7 Kxg7 19. Qc3+ Qf6 20. Qxf6+
Kxf6 21. Nd6 Rc7 22. N2c4 Nxc4 23. bxc4 Rb8 24. a3 Nc6 25. Rab1 Ke7 26.
Nxb7 Rbxb7 27. Rxb7 Rxb7 28. Bxc6 Rb3 29. Bd5 Rc3 30. Rd3 Rxd3 31. exd3
Bxd5 32. cxd5 Kd6 33. Kf1 Kxd5 34. Ke2 Kd4 35. Kd2 g5 36. Kc2 a5 37. Kd2 a4
38. h3 f4 39. gxf4 gxf4 40. h4 c4 41. dxc4 Kxc4 42. Kc2 f3 0-1

[Event "TOP 16 GpB"]
[Site "Chalons en Champagne FRA"]
[Date "2010.03.28"]
[Round "3"]
[White "Tkachiev,V"]
[Black "Giri,A"]
[Result "1/2-1/2"]
[WhiteElo "2639"]
[BlackElo "2624"]
[EventDate "2010.03.26"]

1. e4 e5 2. Nf3 Nf6 3. d4 Nxe4 4. Bd3 d5 5. Nxe5 Nd7 6. O-O Nxe5 7. dxe5
Nc5 8. Be2 Be7 9. Be3 O-O 10. f4 f6 11. exf6 Rxf6 12. c4 Be6 13. cxd5 Bxd5
14. Nc3 Bc6 15. Qc2 Rg6 16. Bc4+ Kh8 17. Rad1 Bd6 18. Bd5 Qe8 19. Rf3 Re6
20. Rh3 Rh6 21. Bxc6 bxc6 22. Rf3 Re6 23. Bd4 Rd8 24. Rdf1 Bf8 25. Rh3 h6
26. Be5 Nd7 27. Bd4 c5 28. f5 Rb6 29. Bf2 Nf6 30. Re3 Qh5 31. Re2 Rb4 32.
Bg3 Bd6 33. Qd3 Qg4 34. Be5 Kh7 35. h3 Bxe5 36. Qxd8 Qg3 37. Rxe5 Qxe5 38.
Qd2 1/2-1/2

[Event "TOP 16 GpB"]
[Site "Chalons en Champagne FRA"]
[Date "2010.03.28"]
[Round "3"]
[White "Van Wely,L"]
[Black "Kazhgaleyev,M"]
[Result "1-0"]
[WhiteElo "2639"]
[BlackElo "2637"]
[EventDate "2010.03.26"]

1. d4 d5 2. c4 c6 3. Nf3 Nf6 4. Nc3 dxc4 5. a4 Bf5 6. Ne5 Nbd7 7. Nxc4 Qc7
8. g3 e5 9. dxe5 Nxe5 10. Bf4 Nfd7 11. Bg2 g5 12. Ne3 gxf4 13. Nxf5 O-O-O
14. Qc2 Ng4 15. O-O fxg3 16. hxg3 h5 17. Rac1 h4 18. Nb5 Qb6 19. gxh4 Bc5
20. e3 Kb8 21. Qe4 Nde5 22. b4 Bf8 23. Nbd4 Bxb4 24. f3 Rhe8 25. fxg4 c5
26. Nb5 Nd3 27. Qf3 Nxc1 28. Qf4+ 1-0

[Event "TOP 16 GpB"]
[Site "Chalons en Champagne FRA"]
[Date "2010.03.28"]
[Round "3"]
[White "Godena,M"]
[Black "Edouard,R"]
[Result "1/2-1/2"]
[WhiteElo "2561"]
[BlackElo "2617"]
[EventDate "2010.03.26"]

1. e4 c5 2. c3 Nf6 3. e5 Nd5 4. Nf3 Nc6 5. Bc4 e6 6. d4 cxd4 7. cxd4 d6 8.
O-O Be7 9. exd6 Qxd6 10. Nc3 O-O 11. Re1 a6 12. Bb3 Rd8 13. g3 Re8 14. Ng5
h6 15. Nxf7 Kxf7 16. Qh5+ Kf8 17. Bxh6 Nf6 18. Qg6 gxh6 19. Qxh6+ Kf7 20.
Ne4 Nxe4 21. Qh7+ Kf8 22. Qh8+ Kf7 23. Qh7+ Kf8 24. Qh8+ Kf7 25. Qh7+
1/2-1/2

[Event "TOP 16 GpB"]
[Site "Chalons en Champagne FRA"]
[Date "2010.03.28"]
[Round "3"]
[White "Fontaine,R"]
[Black "Sebag,M"]
[Result "0-1"]
[WhiteElo "2548"]
[BlackElo "2506"]
[EventDate "2010.03.26"]

1. d4 d5 2. c4 c6 3. Nc3 Nf6 4. cxd5 cxd5 5. Bf4 Nc6 6. e3 a6 7. Rc1 Bf5 8.
Nf3 Rc8 9. Ne5 e6 10. Qb3 Nxe5 11. Bxe5 Qd7 12. Be2 Ne4 13. f3 Nd6 14. Kf2
Nc4 15. Bf4 Be7 16. h4 h6 17. e4 Bh7 18. exd5 b5 19. a4 Bf6 20. Rcd1 O-O
21. axb5 exd5 22. b6 Qb7 23. g4 Rfe8 24. g5 Bd8 25. gxh6 Bxb6 26. Bxc4 dxc4
27. Qa4 Bd3 28. Kg3 Bc7 29. Rhe1 Bxf4+ 30. Kxf4 Red8 31. Kg3 Qb8+ 32. f4
Rxd4 33. Re5 f6 34. Nd5 fxe5 35. Qd7 exf4+ 36. Kh3 Qe5 37. Qxc8+ Kh7 0-1

[Event "TOP 16 GpB"]
[Site "Chalons en Champagne FRA"]
[Date "2010.03.28"]
[Round "3"]
[White "Govciyan,P"]
[Black "Cossin,S"]
[Result "1/2-1/2"]
[WhiteElo "2430"]
[BlackElo "2497"]
[EventDate "2010.03.26"]

1. d4 Nf6 2. c4 e6 3. g3 c5 4. d5 exd5 5. cxd5 b5 6. e4 Nxe4 7. Qe2 Qe7 8.
Bg2 f5 9. Be3 b4 10. Nd2 Ba6 11. Qf3 Nxd2 12. Kxd2 Qf6 13. Kc2 Bd6 14. Nh3
O-O 15. Rhe1 Bb7 16. Bg5 Qf7 17. Bf4 Bxf4 18. Qxf4 Na6 19. Qd6 Rae8 20. Nf4
Rxe1 21. Rxe1 Re8 22. Rxe8+ Qxe8 23. Bf1 g5 24. Nh3 Qe4+ 25. Kd2 c4 26. Qf6
Qxd5+ 27. Kc1 Nc5 28. Qxg5+ Kf7 29. Nf4 Qe4 30. Be2 Nd3+ 31. Nxd3 cxd3 32.
Bh5+ Ke6 33. Kd2 Kd6 34. Qd8 a5 35. Qb6+ Bc6 36. a3 bxa3 37. bxa3 Qa4 38.
Qb8+ Ke7 39. Qe5+ Kd8 40. Qb8+ Ke7 41. Qe5+ Kd8 1/2-1/2

[Event "TOP 16 GpB"]
[Site "Chalons en Champagne FRA"]
[Date "2010.03.28"]
[Round "3"]
[White "Dourerassou,J"]
[Black "Guidarelli,L"]
[Result "1-0"]
[WhiteElo "2413"]
[BlackElo "2433"]
[EventDate "2010.03.26"]

1. e4 e5 2. Nf3 Nc6 3. Bb5 a6 4. Ba4 Nf6 5. O-O Be7 6. Qe2 b5 7. Bb3 O-O 8.
c3 Re8 9. Rd1 Bf8 10. Ng5 Re7 11. a4 b4 12. d4 Qe8 13. d5 Na5 14. Bc2 b3
15. Bd3 h6 16. Nf3 Nxd5 17. exd5 e4 18. Be3 exd3 19. Qxd3 d6 20. Nbd2 c5
21. Bf4 Qd8 22. h3 g6 23. g4 Raa7 24. Ne4 Rxe4 25. Qxe4 f5 26. Qd3 fxg4 27.
Nd2 Bf5 28. Ne4 gxh3 29. Re1 Rf7 30. Qg3 Nc4 31. Re2 g5 32. Rae1 Bg6 33.
Bxg5 hxg5 34. Nxg5 Rf5 35. Re6 Bh5 36. f4 Bg7 37. Re7 Rxg5 38. Qxg5 Bf7 39.
f5 Ne5 40. R1xe5 dxe5 41. f6 Qf8 42. Qxg7+ Qxg7+ 43. fxg7 Kxg7 44. d6 Kf6
45. Rxe5 Be6 46. Rxc5 Bd7 47. Ra5 Bc8 48. Kh2 Ke6 49. Kxh3 Kxd6+ 50. Kg3
Kc6 51. Kf4 Kb6 52. Rg5 Be6 53. Rg6 Ka5 54. Rxe6 1-0

[Event "TOP 16 GpB"]
[Site "Chalons en Champagne FRA"]
[Date "2010.03.28"]
[Round "3"]
[White "Sumets,A"]
[Black "Rozentalis,E"]
[Result "1/2-1/2"]
[WhiteElo "2614"]
[BlackElo "2628"]
[EventDate "2010.03.26"]

1. d4 Nf6 2. c4 e6 3. Nf3 b6 4. g3 Bb7 5. Bg2 Be7 6. O-O O-O 7. Re1 a5 8.
Bf4 Na6 9. Ne5 Bxg2 10. Kxg2 Qe8 11. e4 d6 12. Nf3 e5 13. Bg5 1/2-1/2

[Event "TOP 16 GpB"]
[Site "Chalons en Champagne FRA"]
[Date "2010.03.28"]
[Round "3"]
[White "Vaisser,A"]
[Black "Vernay,C"]
[Result "1-0"]
[WhiteElo "2511"]
[BlackElo "2440"]
[EventDate "2010.03.26"]

1. d4 d5 2. c4 c6 3. cxd5 cxd5 4. Nc3 Nf6 5. Bf4 Nc6 6. e3 Bf5 7. Qb3 Na5
8. Bb5+ Bd7 9. Qa4 Nc6 10. Nf3 e6 11. Rc1 a6 12. Bxc6 Bxc6 13. Qb3 Nd7 14.
Ne5 Nxe5 15. Bxe5 Bd6 16. Bxd6 Qxd6 17. O-O O-O 18. Rc2 a5 19. a3 a4 20.
Qa2 Bd7 21. Qb1 Rac8 22. Rfc1 Rb8 23. h3 f6 24. Rd2 Rfc8 25. Na2 Bb5 26.
Rxc8+ Rxc8 27. Nc3 Be8 28. Qd1 Rc4 29. Qe2 f5 30. g4 Bg6 31. Kg2 Qc6 32. g5
Qe8 33. Qf3 b5 34. Qf4 Qd7 35. Qb8+ Be8 36. Na2 h6 37. h4 hxg5 38. hxg5 Rc8
39. Qf4 Qc7 40. Qxc7 Rxc7 41. Kg3 Kf7 42. Kf4 Bd7 43. Ke5 Rc8 44. Kd6 Be8
45. Nb4 Kg6 46. f4 Kh5 47. Nd3 1-0

[Event "TOP 16 GpB"]
[Site "Chalons en Champagne FRA"]
[Date "2010.03.28"]
[Round "3"]
[White "Miralles,G"]
[Black "Varga,P1"]
[Result "1/2-1/2"]
[WhiteElo "2469"]
[BlackElo "2434"]
[EventDate "2010.03.26"]

1. d4 d5 2. c4 c6 3. Nc3 Nf6 4. Qb3 dxc4 5. Qxc4 Bf5 6. Nf3 Nbd7 7. Bg5 Qb6
8. O-O-O h6 9. Bxf6 Nxf6 10. Ne5 e6 11. g4 Nxg4 12. Nxg4 Bxg4 13. d5 Qb4
14. Rd4 Qxc4 15. Rxc4 Bxe2 16. Bxe2 exd5 17. Nxd5 1/2-1/2

[Event "TOP 16 GpB"]
[Site "Chalons en Champagne FRA"]
[Date "2010.03.28"]
[Round "3"]
[White "Roos,Dan"]
[Black "Doncea,V"]
[Result "0-1"]
[WhiteElo "2435"]
[BlackElo "2475"]
[EventDate "2010.03.26"]

1. Nf3 e6 2. g3 b5 3. Bg2 Bb7 4. d3 d6 5. e4 Nd7 6. a4 a6 7. O-O g6 8. Bg5
Ne7 9. Nc3 b4 10. Ne2 Bg7 11. Rb1 h6 12. Be3 c5 13. Nd2 Nc6 14. Nc4 Nde5
15. Nxe5 Nxe5 16. h3 Qa5 17. f4 Nd7 18. b3 O-O 19. f5 exf5 20. exf5 Bxg2
21. Kxg2 Rae8 22. Bd2 Qc7 23. Ng1 Kh7 24. Kh2 Qb7 25. Qf3 Qxf3 26. Rxf3 Bd4
27. fxg6+ fxg6 28. Rbf1 Rxf3 29. Rxf3 Kg7 30. Rf1 Ne5 31. Kg2 Nc6 32. Bc1
g5 33. h4 Kg6 34. hxg5 hxg5 35. Nf3 Re2+ 36. Kh3 Bf6 37. Kg4 Rxc2 38. Bxg5
Bxg5 39. Nxg5 Ne5+ 40. Kf4 Nxd3+ 41. Ke3 Kxg5 42. Kxd3 Rc3+ 43. Ke4 Rxb3
44. Rd1 c4 45. Rxd6 c3 46. Kd3 Rb2 47. Rxa6 c2 48. Rc6 b3 0-1

[Event "TOP 16 GpB"]
[Site "Chalons en Champagne FRA"]
[Date "2010.03.28"]
[Round "3"]
[White "Benitah,Y"]
[Black "Szabolcsi,J"]
[Result "1/2-1/2"]
[WhiteElo "2377"]
[BlackElo "2361"]
[EventDate "2010.03.26"]

1. d4 Nf6 2. c4 e5 3. dxe5 Ne4 4. Nf3 Bb4+ 5. Nbd2 Nc6 6. g3 Qe7 7. Bg2
Nxe5 8. Nxe5 Qxe5 9. Qc2 Nxd2 10. Bxd2 Bxd2+ 11. Qxd2 O-O 12. O-O a5
1/2-1/2

[Event "TOP 16 GpB"]
[Site "Chalons en Champagne FRA"]
[Date "2010.03.28"]
[Round "3"]
[White "Roos,Louis1"]
[Black "Renaze,L"]
[Result "1-0"]
[WhiteElo "2360"]
[BlackElo "2304"]
[EventDate "2010.03.26"]

1. Nf3 Nf6 2. d4 d5 3. g3 e6 4. Bg2 Be7 5. O-O O-O 6. c4 c6 7. b3 Nbd7 8.
Qc2 b6 9. Nbd2 Bb7 10. Bb2 Rc8 11. Rac1 c5 12. Qb1 dxc4 13. Nxc4 b5 14. Ne3
cxd4 15. Nxd4 Bxg2 16. Kxg2 Qb6 17. Rfd1 a6 18. f3 Qb7 19. Rd2 Rxc1 20.
Qxc1 Rc8 21. Rc2 Rc5 22. Rxc5 Bxc5 23. Qc3 Qc7 24. b4 Bd6 25. Qb3 Nb6 26.
Nxe6 fxe6 27. Qxe6+ Kf8 28. Bxf6 gxf6 29. Qxf6+ Ke8 30. Nf5 Nc4 31. e4 Kd7
32. f4 Kc8 33. e5 Bxb4 34. Qxa6+ Qb7+ 35. Qxb7+ Kxb7 36. Kf3 Kc6 37. Ke4
Nd2+ 38. Kd3 Nf1 39. h4 Be1 40. g4 Nh2 41. g5 Kd5 42. h5 Ng4 43. h6 Bb4 44.
Ne3+ Nxe3 45. Kxe3 Bf8 46. Kd3 b4 47. Ke3 Bc5+ 48. Ke2 Bf8 49. Kd3 1-0

[Event "TOP 16 GpB"]
[Site "Chalons en Champagne FRA"]
[Date "2010.03.28"]
[Round "3"]
[White "Chevant,L"]
[Black "Roos,J"]
[Result "0-1"]
[WhiteElo "2174"]
[BlackElo "2259"]
[EventDate "2010.03.26"]

1. Nf3 d5 2. c4 dxc4 3. Na3 a6 4. Nxc4 b5 5. Ne3 Nf6 6. g3 Bb7 7. Bg2 e6 8.
O-O Nbd7 9. a4 Bd6 10. d4 O-O 11. Qb3 Rb8 12. axb5 axb5 13. Bd2 c5 14. Ba5
Qe7 15. dxc5 Nxc5 16. Qd1 Nd5 17. Nxd5 Bxd5 18. Nd4 Bxg2 19. Kxg2 Be5 20.
e3 Qb7+ 21. Kg1 b4 22. Qh5 Bxd4 23. exd4 Nb3 24. Ra4 Nxd4 25. Rxb4 Nf3+ 26.
Kg2 Ne1+ 27. Kh3 Qg2+ 28. Kh4 Qxh2+ 29. Kg4 f5+ 0-1

[Event "TOP 16 GpB"]
[Site "Chalons en Champagne FRA"]
[Date "2010.03.28"]
[Round "3"]
[White "Nicoara,M"]
[Black "Mehiaoui,D"]
[Result "1-0"]
[WhiteElo "2151"]
[BlackElo "1934"]
[EventDate "2010.03.26"]

1. d4 Nf6 2. c4 c5 3. d5 b5 4. cxb5 a6 5. bxa6 Bxa6 6. Nc3 d6 7. Nf3 g6 8.
e4 Bxf1 9. Kxf1 Bg7 10. h3 Nbd7 11. g3 O-O 12. Kg2 Ra6 13. Re1 Qa8 14. Qc2
Nb6 15. Bg5 Rc8 16. Rad1 h6 17. Bf4 Nfd7 18. Re2 c4 19. Nd4 Bxd4 20. Rxd4
h5 21. f3 Nc5 22. e5 Nd3 23. exd6 Nxf4+ 24. gxf4 exd6 25. f5 g5 26. f6 Re8
27. Qf5 1-0

[Event "TOP 16 GpA"]
[Site "Marseille FRA"]
[Date "2010.04.29"]
[Round "4"]
[White "Feller,S"]
[Black "Sarthou,G"]
[Result "1-0"]
[WhiteElo "2576"]
[BlackElo "2386"]
[EventDate "2010.03.26"]

1. d4 d5 2. c4 c6 3. Nf3 Nf6 4. cxd5 cxd5 5. Nc3 Nc6 6. Bf4 Bf5 7. e3 Rc8
8. Ne5 a6 9. Qb3 Na5 10. Qa4+ Nd7 11. e4 dxe4 12. g4 f6 13. gxf5 fxe5 14.
dxe5 Nc6 15. Be2 Nc5 16. Bh5+ g6 17. fxg6 Bg7 18. Qc4 Nxe5 19. Bxe5 Nd3+
20. Qxd3 exd3 21. Bxg7 Qa5 22. Bf3 Rxc3 23. Bxc3 Qf5 24. O-O-O Rg8 25. gxh7
Qxh7 26. Rhe1 Rf8 27. Re3 Qxh2 28. Rexd3 Rf5 29. Rd8+ Kf7 30. Bd5+ Rxd5 31.
R8xd5 Qxf2 32. Re5 Qf4+ 33. Kb1 b5 34. Rde1 Qc4 35. Rxe7+ Kf8 36. R7e4 1-0

[Event "TOP 16 GpA"]
[Site "Marseille FRA"]
[Date "2010.04.29"]
[Round "4"]
[White "Chabanon,JL"]
[Black "Touzane,O"]
[Result "1-0"]
[WhiteElo "2455"]
[BlackElo "2287"]
[EventDate "2010.03.26"]

1. d4 Nf6 2. c4 g6 3. Nc3 Bg7 4. e4 d6 5. Nf3 O-O 6. Be2 e5 7. O-O Nc6 8.
d5 Ne7 9. b4 Nh5 10. Re1 f5 11. Ng5 Nf6 12. Bf3 c6 13. Ba3 h6 14. Ne6 Bxe6
15. dxe6 fxe4 16. Bxe4 d5 17. Bc2 Qd6 18. cxd5 cxd5 19. Bb3 Kh7 20. Qe2 Nh5
21. Rad1 Nf4 22. Qf1 Qxe6 23. b5 Rad8 24. Bxe7 Qxe7 25. Nxd5 Nxd5 26. Bxd5
Rf6 27. Be4 Rfd6 28. Rxd6 Rxd6 29. g3 Rd2 30. h4 h5 31. Qc4 Bf8 32. Re3 Qg7
33. Rf3 Rd7 34. Qe6 Rd6 35. Qe8 Rf6 36. Rxf6 Qxf6 37. Bxg6+ Qxg6 38. Qxf8
Qb1+ 39. Kg2 Qxb5 40. Qf7+ Kh6 41. Qf6+ Kh7 42. Qf5+ Kg7 43. Qg5+ Kf8 44.
Qxh5 a5 45. Qf5+ Kg8 46. Qe6+ Kh7 47. h5 Qb1 48. Qe7+ Kh6 49. Qxe5 Qxa2 50.
g4 Qg8 51. Kg3 Qb3+ 52. f3 a4 53. Qh8+ 1-0

[Event "TOP 16 GpA"]
[Site "Marseille FRA"]
[Date "2010.04.29"]
[Round "4"]
[White "Buscara,S"]
[Black "Kogan,Ar"]
[Result "0-1"]
[WhiteElo "2238"]
[BlackElo "2524"]
[EventDate "2010.03.26"]

1. d4 Nf6 2. Bf4 d6 3. e3 Nc6 4. Nf3 Nh5 5. d5 Nb8 6. Nc3 g6 7. Bg5 h6 8.
Bh4 Bg7 9. Be2 c6 10. Nd4 Nf6 11. e4 Qb6 12. Nb3 Nbd7 13. O-O Ne5 14. Bg3
O-O 15. a4 a5 16. Kh1 g5 17. f4 gxf4 18. Bxf4 Nfg4 19. Qd2 Nf2+ 20. Rxf2
Qxf2 21. Rf1 Qh4 22. Nd4 e6 23. dxc6 bxc6 24. Bxe5 Bxe5 25. Nf3 Qf4 26. Qe1
Rb8 27. Nxe5 Qxe5 28. Qh4 Qg5 29. Qxg5+ hxg5 30. b3 Kg7 31. Rd1 d5 32. Bd3
Bb7 33. Re1 Rh8 34. g3 c5 35. exd5 exd5 36. Re5 d4+ 37. Ne4 Rbe8 38. Rxg5+
Kh6 0-1

[Event "TOP 16 GpA"]
[Site "Marseille FRA"]
[Date "2010.04.29"]
[Round "4"]
[White "Relange,E"]
[Black "Kaufeld,J"]
[Result "1-0"]
[WhiteElo "2455"]
[BlackElo "2241"]
[EventDate "2010.03.26"]

1. c4 e5 2. d3 Nc6 3. a3 g6 4. g3 Bg7 5. Bg2 Nge7 6. Nc3 d6 7. e3 Be6 8.
Nd5 Qd7 9. Ne2 O-O 10. O-O Nd8 11. d4 Rb8 12. Bd2 f5 13. dxe5 dxe5 14. Bb4
Bxd5 15. cxd5 Nf7 16. Qb3 Rfd8 17. Rfd1 Nd6 18. Rac1 b6 19. f4 e4 20. Nd4
Bxd4 21. Rxd4 a5 22. Be1 b5 23. Bf1 Nc4 24. Bxc4 bxc4 25. Qxc4 Nxd5 26.
Bxa5 Rb5 27. Bxc7 Rc8 28. a4 Ra5 29. b4 1-0

[Event "TOP 16 GpA"]
[Site "Marseille FRA"]
[Date "2010.04.29"]
[Round "4"]
[White "Domenech,V"]
[Black "Brochet,P"]
[Result "1-0"]
[WhiteElo "2050"]
[BlackElo "2384"]
[EventDate "2010.03.26"]

1. d4 d5 2. Bf4 c5 3. e3 Nc6 4. c3 Nf6 5. Nd2 Qb6 6. Qb3 c4 7. Qc2 Nh5 8.
Bg3 Nxg3 9. hxg3 e5 10. b3 exd4 11. exd4 cxb3 12. axb3 g6 13. Ngf3 Bg7 14.
Bd3 Bg4 15. Nf1 O-O 16. Ne3 Bxf3 17. gxf3 Rac8 18. Qd2 Bxd4 19. cxd4 Nxd4
20. Qb2 Nxf3+ 21. Kf1 d4 22. Nd5 Qe6 23. Be4 Ng5 24. Qxd4 f5 25. Bg2 Ne4
26. Re1 Rcd8 27. Bxe4 fxe4 28. Nf4 Qxb3 29. Qxe4 Qf7 30. Qc2 Rc8 31. Qb2
Rc6 32. Qa3 Ra6 33. Qe7 Rf6 34. Qa3 g5 35. Re7 Qc4+ 36. Qd3 Rxf4 37. Qxc4+
Rxc4 38. Rhxh7 1-0

[Event "TOP 16 GpA"]
[Site "Marseille FRA"]
[Date "2010.04.29"]
[Round "4"]
[White "Milliet,S"]
[Black "Bannwarth,F"]
[Result "1-0"]
[WhiteElo "2391"]
[BlackElo "1849"]
[EventDate "2010.03.26"]

1. e4 e5 2. Nf3 Nc6 3. Bb5 a6 4. Ba4 Nf6 5. O-O b5 6. Bb3 Be7 7. Re1 d6 8.
c3 O-O 9. h3 h6 10. d4 Nh7 11. a4 Bd7 12. axb5 axb5 13. Rxa8 Qxa8 14. dxe5
Qc8 15. Bf4 dxe5 16. Nxe5 Nxe5 17. Bxe5 Rd8 18. Qf3 Ng5 19. Qg3 c5 20. h4
c4 21. hxg5 cxb3 22. gxh6 1-0